000 00540nam a2200169 i 4500
001 149698
003 ES-MaACL
005 20230906203221.0
007 t|
008 071024s1960 sp ||||1| spa d
100 1 _aVarona, Esteban Antonio de.
_9113244
245 1 0 _aYucatán /
_ctexto and photographs by Esteban A. de Varona ; [translated by Leonard Cooper].
260 _aMadrid :
_b[s.n.,
_c1960] (
_fGráf. Madrid)
300 _a43 p. :
_bil. ;
_c20 cm.
700 1 _aCooper, Leonard.
_940392
852 _aES-MaACL
_jC-19697
_bR.47155
999 _c149698
_d149698